LIBRARY & INFORMATION CENTRE, KCAET, TAVANUR

ONLINE PUBLIC ACCESS CATALOGUE (OPAC)

Instrumentation measurement and analysis / (Record no. 14791)

MARC details
000 -LEADER
fixed length control field 00387cam a2200145ua 4500
020 ## - INTERNATIONAL STANDARD BOOK NUMBER
ISBN 9780070151277
082 ## - DEWEY DECIMAL CLASSIFICATION NUMBER
Classification number 621.374
Item number NAK/IN
100 ## - MAIN ENTRY--AUTHOR NAME
Personal name Nakra , B.C .
245 ## - TITLE STATEMENT
Title Instrumentation measurement and analysis /
250 ## - EDITION STATEMENT
Edition statement 3rd
260 ## - PUBLICATION, DISTRIBUTION, ETC. (IMPRINT)
Place of publication New Delhi :
Name of publisher Mc-Graw Hill Publishing Company ,
Year of publication 2014
300 ## - PHYSICAL DESCRIPTION
Number of Pages 641 ; .
700 1# - ADDED ENTRY--PERSONAL NAME
Personal name Chaudhry , K.K .
942 ## - ADDED ENTRY ELEMENTS (KOHA)
Koha item type Books
Holdings
Withdrawn status Lost status Damaged status Home library Current library Shelving location Date acquired Cost, normal purchase price Full call number Accession Number Koha item type
      KAUAET KAUAET Scheme 25/03/2017 599.00 621.374 NAK/IN BB 441 Book Bank scheme for SC students
      KAUAET KAUAET Scheme 25/03/2017 599.00 621.374 NAK/IN BB 442 Book Bank scheme for SC students
free website counter